MARC

LEADER 00000nam0a2200000 4500
001 151481
005 20231101221550.0
010 |a 5020000914 
035 |a (RuTPU)RU\TPU\book\164247 
090 |a 151481 
100 |a 20090123d1988 km y0rusy50 ca 
101 0 |a rus 
102 |a RU 
105 |a a z 001zb 
200 1 |a Воспоминания о Л. Д. Ландау  |f Академия наук СССР Отделение общей физики и астрономии, Институт теоретической физики им. Л. Д. Ландау ; под ред. И. М. Халатникова 
210 |a Москва  |c Наука  |d 1988 
215 |a 352 с.  |c ил. 
225 1 |a Ученые СССР. Очерки, воспоминания, материалы 
320 |a Список работ: с. 28 - 31. 
600 1 |a Ландау  |b Л. Д.  |c российский физик-теоретик  |c академик АН СССР  |f 1908-1968  |g Лев Давидович  |2 stltpush  |3 (RuTPU)RU\TPU\pers\216  |9 111 
606 1 |a Физики  |x Персоналии  |2 stltpush  |3 (RuTPU)RU\TPU\subj\67452  |9 83245 
610 1 |a физическая наука 
610 1 |a элементарные частицы 
610 1 |a исследования 
610 1 |a полупроводники 
610 1 |a излучение 
610 1 |a твердые тела 
675 |a 53(092)  |v 3 
702 1 |a Халатников  |b И. М.  |4 340 
712 0 2 |a Академия наук СССР (АН СССР)  |b Институт теоретической физики им. Л. Д. Ландау  |2 stltpush  |3 (RuTPU)RU\TPU\col\13923 
801 1 |a RU  |b 63413507  |c 20090123  |g PSBO 
801 2 |a RU  |b 63413507  |c 20140314  |g PSBO 
942 |c BK